MARC

LEADER 00000nam0a2200000 4500
001 156496
005 20231031153217.0
035 |a (RuTPU)RU\TPU\book\169737 
090 |a 156496 
100 |a 20090328d1937 m y0rusy50 ca 
101 1 |a rus  |c eng 
102 |a RU 
105 |a a z 001zy 
200 1 |a Метаморфизм  |e пер. с англ.  |f А. Харкер 
210 |a Москва  |d 1937 
215 |a 371 с.  |c ил. 
320 |a Библиогр.: с. 360-368. 
610 1 |a метаморфизм 
610 1 |a горные породы 
610 1 |a осадочные породы 
610 1 |a известковые породы 
610 1 |a изверженные породы 
610 1 |a метасоматоз 
610 1 |a кристаллические сланцы 
675 |a 551.25  |v 3 
700 1 |a Харкер  |b А. 
801 1 |a RU  |b 63413507  |c 20090328  |g PSBO 
801 2 |a RU  |b 63413507  |c 20210301  |g RCR 
942 |c BK